History and structure of the London terraced house (Record no. 75600)
[ view plain ]
| 000 -LEADER | |
|---|---|
| fixed length control field | 01055cab a2200193 4500 |
| 001 - CONTROL NUMBER | |
| control field | L130401 |
| 008 - FIXED-LENGTH DATA ELEMENTS--GENERAL INFORMATION | |
| fixed length control field | 050725n2005 000 0 eng u |
| 035 ## - SYSTEM CONTROL NUMBER | |
| System control number | (Sirsi) u130401 |
| 041 ## - LANGUAGE CODE | |
| Language code of text/sound track or separate title | eng |
| 100 ## - MAIN ENTRY--PERSONAL NAME | |
| Personal name | Johncox, David |
| 245 ## - TITLE STATEMENT | |
| Title | History and structure of the London terraced house |
| 260 ## - PUBLICATION, DISTRIBUTION, ETC. | |
| Date of publication, distribution, etc. | 2005 |
| 490 ## - SERIES STATEMENT | |
| Series statement | Planning in London |
| Volume/sequential designation | (54) July 2005, 32-35(4) |
| 520 ## - SUMMARY, ETC. | |
| Summary, etc. | Traces the history of the London terraced house, a type of dwelling that has survived so long because of its inherent versatility and ability to cope with change. Examines London housing before the terraced house, its development and expansion in the Georgian and Victorian periods and its modern manifestation in the 1930s and the post-War period. Concludes with some current examples and sets out the key issues in identifying the quality of a terraced house. Illustrations and diagrams. |
| 590 ## - LOCAL NOTE (RLIN) | |
| Local note | IKA020805 |
| 650 ## - SUBJECT ADDED ENTRY--TOPICAL TERM | |
| Topical term or geographic name entry element | REBUILDING ACTS 1667 |
| 690 ## - LOCAL SUBJECT ADDED ENTRY--TOPICAL TERM (OCLC, RLIN) | |
| Topical term or geographic name as entry element | PROPERTY-RESIDENTIAL PROPERTY-DOMESTIC RESIDENTIAL PROPERTY-HOUSING-HOUSES-TERRACED HOUSES- |
| 942 ## - ADDED ENTRY ELEMENTS (KOHA) | |
| Suppress in OPAC | 0 |
| Withdrawn status | Lost status | Source of classification or shelving scheme | Damaged status | Not for loan | Home library | Current library | Shelving location | Date acquired | Total Checkouts | Full call number | Barcode | Date last seen | Copy number | Price effective from | Koha item type |
|---|---|---|---|---|---|---|---|---|---|---|---|---|---|---|---|
| Dewey Decimal Classification | London | London | Journal article | 25/07/2005 | L13040 | 130401-1001 | 06/08/2019 | 1 | 06/08/2019 | Journal article |